Stratégie a taktiky obchodných rokovaní v procese globalizácie dizertačná práca

Gespeichert in:
Bibliographische Detailangaben
1. Verfasser: Helmová, Milena, 1954-
Körperschaft: Fakulta medzinárodných vzťahov EU. Katedra medzinárodných ekonomických vzťahov a hospodárskej diplomacie
Weitere Verfasser: Ondrčková, Eva
Format: Buch
Sprache:Slowakisch
Veröffentlicht: Bratislava 2011
Schlagworte:
Tags: Tag hinzufügen
Keine Tags, Fügen Sie das erste Tag hinzu!

MARC

LEADER 00000nam a2200000 4500
001 0136597
005 20240502072530.1
041 0 |a slo 
044 |a SK 
245 1 0 |a Stratégie a taktiky obchodných rokovaní v procese globalizácie  |b dizertačná práca  |c Milena Helmová ; školiteľ: Eva Ondrčková 
264 1 |a Bratislava  |c 2011 
300 |a 135 s. 
610 2 0 |a rokovania obchodné 
610 2 0 |a stratégia obchodná 
610 2 0 |a globalizácia 
610 2 0 |a komunikácia multikultúrna 
610 2 0 |a komunikácia 
610 2 0 |a obchod medzinárodný 
100 1 |a Helmová, Milena, 1954- 
700 1 |a Ondrčková, Eva 
710 2 |a Fakulta medzinárodných vzťahov EU. Katedra medzinárodných ekonomických vzťahov a hospodárskej diplomacie